[Event "Lippe Cup-B 07th"]
[Site "Lieme"]
[Date "2010.10.16"]
[Round "2"]
[White "Mehsin, Mohammed"]
[Black "Kuckling, Dirk"]
[Result "0-1"]
[WhiteElo "1557"]
[BlackElo "1419"]
[PlyCount "37"]
[EventDate "2010.10.15"]
[EventType "swiss"]
[EventRounds "5"]
[EventCountry "GER"]
[SourceTitle "EXT 2012"]
[Source "ChessBase"]
[SourceDate "2011.11.24"]
[SourceVersion "1"]
[SourceVersionDate "2011.11.24"]
[SourceQuality "1"]

1. e4 e5 2. Nf3 Nc6 3. Bb5 Nf6 4. 0-0 a6 5. Ba4 Be7 6. Re1 b5 7. Bb3 0-0 8. c3 d5 9. exd5 e4 10. dxc6 exf3 11. Qxf3 Bg4 12. Qg3 Re8 13. Bc2 Bd6 14. Rxe8+ Qxe8 15. Qe3 Bf4 16. Qxe8+ Rxe8 17. Kf1 Be2+ 18. Ke1 Ng4 19. Be4 0-1